| 000 | 00471 a2200169 4500 | ||
|---|---|---|---|
| 003 | OSt | ||
| 005 | 20230901114332.0 | ||
| 008 | 230901b |||||||| |||| 00| 0 eng d | ||
| 020 | _a9789393715142 | ||
| 040 | _coclc | ||
| 082 |
_a658.4 _bDES/D |
||
| 100 |
_aDeshmukh, Laxmikant Baburao _99384 |
||
| 245 | _aDIGITAL INNOVATION / | ||
| 260 |
_aNew Delhi: _bBloomsbury, _c2022. |
||
| 300 | _a232 p | ||
| 942 |
_2ddc _cBK _h658.4 _iDES/D _k658.4 _mDES/D |
||
| 999 |
_c42037 _d42037 |
||